[Event "MNT-ch 72nd"]
[Site "Podgorica"]
[Date "2020.09.11"]
[Round "1"]
[White "Karisik, Nenad"]
[Black "Popovic, Mateja"]
[Result "1-0"]
[WhiteElo "2106"]
[BlackElo "1498"]
[PlyCount "51"]
[EventDate "2020.09.11"]
[EventType "swiss"]
[EventRounds "9"]
[EventCountry "MNE"]
[SourceTitle "CBM 198 Extra"]
[Source "ChessBase"]
[SourceDate "2020.11.30"]
[SourceVersion "1"]
[SourceVersionDate "2020.11.30"]
[SourceQuality "1"]

1. e4 e5 2. Nf3 Nf6 3. Nxe5 d6 4. Nf3 Nxe4 5. d4 d5 6. Bd3 Be7 7. 0-0 0-0 8. Re1 Nf6 9. h3 Be6 10. Bf4 Nbd7 11. Ng5 c5 12. Nxe6 fxe6 13. Rxe6 cxd4 14. Nd2 Nc5 15. Re2 Nxd3 16. cxd3 Bd6 17. Bxd6 Qxd6 18. Nf3 Nh5 19. Nxd4 Nf4 20. Re3 Qg6 21. Qg4 Qf6 22. Ne6 Qxb2 23. Rae1 Nxe6 24. Qxe6+ Rf7 25. Rf3 Raf8 26. Qxf7+ 1-0

[Event "MNT-chT"]
[Site "Niksic"]
[Date "2018.08.12"]
[Round "6.5"]
[White "Karisik, Nenad"]
[Black "Andjelic, Djordje"]
[Result "1-0"]
[WhiteElo "2208"]
[BlackElo "1753"]
[PlyCount "57"]
[EventDate "2018.08.07"]
[EventType "team-tourn"]
[EventRounds "9"]
[EventCountry "MNE"]
[SourceTitle "CBM 186 Extra"]
[Source "ChessBase"]
[SourceDate "2018.08.24"]
[SourceVersion "1"]
[SourceVersionDate "2018.08.24"]
[SourceQuality "1"]
[WhiteTeam "Jedinstvo"]
[BlackTeam "Mladost"]
[WhiteTeamCountry "MNE"]
[BlackTeamCountry "MNE"]

1. e4 e5 2. Nf3 Nc6 3. Bb5 a6 4. Ba4 Nf6 5. 0-0 Be7 6. Re1 b5 7. Bb3 Bb7 8. c3 d6 9. d4 0-0 10. Nbd2 h6 11. Nf1 Re8 12. Ng3 Bf8 13. a4 Na5 14. Bc2 exd4 15. cxd4 c5 16. d5 g6 17. b3 Bg7 18. Bb2 b4 19. Nd2 h5 20. Rb1 Rc8 21. Bd3 Qb6 22. Ngf1 Ng4 23. Ne3 Nxe3 24. Rxe3 Bh6 25. Rg3 Bf4 26. Qxh5 Be5 27. Bxe5 Rxe5 28. Qh6 Qd8 29. f4 1-0

[Event "MNT-chT"]
[Site "Niksic"]
[Date "2018.08.11"]
[Round "5.1"]
[White "Karisik, Nenad"]
[Black "Cetkovic, Miodrag"]
[Result "1/2-1/2"]
[WhiteElo "2208"]
[BlackElo "2199"]
[PlyCount "48"]
[EventDate "2018.08.07"]
[EventType "team-tourn"]
[EventRounds "9"]
[EventCountry "MNE"]
[SourceTitle "CBM 186 Extra"]
[Source "ChessBase"]
[SourceDate "2018.08.24"]
[SourceVersion "1"]
[SourceVersionDate "2018.08.24"]
[SourceQuality "1"]
[WhiteTeam "Jedinstvo"]
[BlackTeam "Kotor"]
[WhiteTeamCountry "MNE"]
[BlackTeamCountry "MNE"]

1. e4 c5 2. Nf3 e6 3. d4 cxd4 4. Nxd4 Nf6 5. Nc3 Nc6 6. Ndb5 Bb4 7. a3 Bxc3+ 8. Nxc3 d5 9. exd5 exd5 10. Bd3 h6 11. h3 0-0 12. 0-0 d4 13. Ne4 Nxe4 14. Bxe4 Qf6 15. Qd3 Rd8 16. f4 Be6 17. Bd2 Bd5 18. Bxd5 Rxd5 19. Rae1 Qd6 20. Re2 a6 21. Rfe1 Qd7 22. Re4 Rf8 23. R4e2 Rd8 24. Re4 Rf8 1/2-1/2